जैव प्रौदोगिकी के विविध आयाम / (Record no. 118340)
[ view plain ]
| 000 -LEADER | |
|---|---|
| fixed length control field | 01100nam a22002537a 4500 |
| 005 - DATE AND TIME OF LATEST TRANSACTION | |
| control field | 20170124103110.0 |
| 010 ## - LIBRARY OF CONGRESS CONTROL NUMBER | |
| LC control number | B-078999 |
| 020 ## - INTERNATIONAL STANDARD BOOK NUMBER | |
| Terms of availability | 120.00 |
| International Standard Book Number | 8188123331 |
| 035 ## - SYSTEM CONTROL NUMBER | |
| System control number | B-078999 |
| 037 ## - SOURCE OF ACQUISITION | |
| Source of stock number/acquisition | Cen Lib/Ret |
| 040 ## - CATALOGING SOURCE | |
| Original cataloging agency | DPL |
| Language of cataloging | HN |
| 082 ## - DEWEY DECIMAL CLASSIFICATION NUMBER | |
| Classification number | 660 |
| Item number | शुकदे |
| 100 ## - MAIN ENTRY--PERSONAL NAME | |
| Personal name | शुकदेव प्रसाद |
| 9 (RLIN) | 79609 |
| 245 ## - TITLE STATEMENT | |
| Title | जैव प्रौदोगिकी के विविध आयाम / |
| Statement of responsibility, etc | शुकदेव प्रसाद |
| 246 ## - VARYING FORM OF TITLE | |
| Title proper/short title | Jaiv Proudogiki ke vividh aayam |
| Remainder of title | by Shukdev Prasad |
| 260 ## - PUBLICATION, DISTRIBUTION, ETC. (IMPRINT) | |
| Place of publication, distribution, etc | दिल्ली |
| Name of publisher, distributor, etc | हिमांचल पुस्तक भंडार |
| Date of publication, distribution, etc | 2003 |
| 270 ## - ADDRESS | |
| Address | IX, 221-सरस्वती भंडार गाँधी नगर |
| City | दिल्ली |
| Postal code | 110031 |
| 300 ## - PHYSICAL DESCRIPTION | |
| Extent | 116पृष्ठ. : |
| Dimensions | 20सेमी(सजिल्द) |
| Other physical details | चित्र. |
| 650 ## - SUBJECT ADDED ENTRY--TOPICAL TERM | |
| Topical term or geographic name as entry element | जैव विज्ञान |
| 9 (RLIN) | 4735 |
| 650 ## - SUBJECT ADDED ENTRY--TOPICAL TERM | |
| Topical term or geographic name as entry element | मानव क्लोनिंग |
| 9 (RLIN) | 79612 |
| 650 ## - SUBJECT ADDED ENTRY--TOPICAL TERM | |
| Topical term or geographic name as entry element | Life Sciences |
| 9 (RLIN) | 40766 |
| 650 ## - SUBJECT ADDED ENTRY--TOPICAL TERM | |
| Topical term or geographic name as entry element | Human Cloning |
| 9 (RLIN) | 79614 |
| 942 ## - ADDED ENTRY ELEMENTS (KOHA) | |
| Source of classification or shelving scheme | Dewey Decimal Classification |
| Koha item type | Hindi Books |
| Classification part | 660 |
| Call number suffix | शुकदे |
| Withdrawn status | Lost status | Damaged status | Not for loan | Home library | Current library | Date acquired | Source of acquisition | Cost, normal purchase price | Total Checkouts | Total Renewals | Full call number | Barcode | Date last seen | Date checked out | Copy number | Cost, replacement price | Price effective from | Koha item type |
|---|---|---|---|---|---|---|---|---|---|---|---|---|---|---|---|---|---|---|
| Central Library | Central Library | 11/09/2015 | Cen Lib/Ret | 120.00 | 1 | 1 | 660 शुकदे | B-078999 | 06/12/2021 | 06/11/2021 | 1 | 120.00 | 11/09/2015 | Hindi Books |
